000
00325nam a2200145Ia 4500
100
_a
Thampi/G.T
650
_a
Mobile computers
942
_c
BK
366
_f
25
245
_a
Programming for mobile and remote computers
260
_b
Dream tech
_c
2011
082
_a
4.6
_b
THA
546
_a
ENGLISH
_c
Computers
999
_c
32834
_d
32834